Versailles and the Ruhr : seedbed of World War II /

Bibliographic Details
Main Author: Schmidt, Royal Jae, 1915-
Format: Book
Language:English
Published: The Hague : Martinus Nijhoff, 1968.
Subjects:

MARC

Tag First Indicator Second Indicator Subfields
LEADER 00000cam a22000001 4500
001 in00000307809
005 20151010093612.0
008 700415s1968 ne a b 00010 eng
010 |a  73363656  
015 |a Ne68-35 
035 |a (OCoLC)00039578 
035 |9 ABG8280AM 
037 |c 36.00 
040 |a DLC  |c DLC  |d TXA  |d UtOrBLW 
049 |a TXAM  |c [432695] 
050 0 0 |a D650.R8  |b S325 
082 0 |a 943/.55/085 
100 1 |a Schmidt, Royal Jae,  |d 1915- 
245 1 0 |a Versailles and the Ruhr :  |b seedbed of World War II /  |c [By] Royal J. Schmidt. 
264 1 |a The Hague :  |b Martinus Nijhoff,  |c 1968. 
300 |a 320 pages :  |b 4 pages of photographs, folded leaves ;  |c 24 cm. 
336 |a text  |b txt  |2 rdacontent 
337 |a unmediated  |b n  |2 rdamedia 
338 |a volume  |b nc  |2 rdacarrier 
504 |a Bibliography: pages [292]-301. 
650 0 |a World War, 1914-1918  |x Reparations. 
651 0 |a Germany  |x History  |y Allied occupation, 1918-1930. 
999 |a MARS 
999 f f |s 29871395-8a4e-32ed-b0ba-75f414c78491  |i 765040e6-98d0-3e4b-a044-af9dfc011dc9  |t 0 
952 f f |p ric  |a Texas A&M University  |b Rellis Campus  |c Joint Library Facility  |d Remote Storage  |t 0  |e D650.R8 S325  |h Library of Congress classification  |i unmediated -- volume  |m A14801887054 
998 f f |a D650.R8 S325  |t 0  |l Remote Storage